| 000 | 01778nam a22003977a 4500 | ||
|---|---|---|---|
| 001 | 991023956759706706 | ||
| 003 | ES-BaIT | ||
| 005 | 20260206130144.0 | ||
| 008 | 040322q18001864sp 000 d spa c | ||
| 035 | _a(ES-BaCBU).b31030403 | ||
| 040 |
_aES-BaCBU _bcat _cES-BaCBU |
||
| 080 | _a860-2"16" | ||
| 084 |
_a834.65"12" _2CDUcat |
||
| 100 | 1 |
_aMoreto, Agustín, _d1618-1669 _935011 |
|
| 245 | 1 | 0 |
_aEntremés de La Mariquita / _cde Agustín Moreto |
| 260 |
_aValencia : _bImprenta de Laborda, calle de la Bolsería, núm. 24, donde se hallarán otros diferentes, _c[entre 1800 i 1864?] |
||
| 300 |
_a8 p. ; _c16 cm |
||
| 500 | _aAquesta edició té 12 pàgines, numerades de la 2 a la 8 i es repeteixen les pàgines 3, 4, 5 i 6 | ||
| 500 | _aTítol obtingut de l'epígraf | ||
| 500 | _aPeu d'impr. obtingut del colofó | ||
| 500 | _aData de public. aprox. deduïda d'altres obres de l'impr. i de les característiques del document | ||
| 533 | _aReproducció digital disponible a Biblioescènic | ||
| 593 | 0 | 0 |
_bVIT-082/20. _cRelligat al volum factici "Entremeses I" , enquadernació holandesa, color grana, (entremeses I). _gExemplar digitalitzat per Crossland. _hArtur Sedó |
| 655 | 7 |
_aEntremesos _2lemac _9168367 |
|
| 655 | 7 |
_aLiteratura de canya i cordill castellana _2lemac _997971 |
|
| 730 | 0 |
_aCol·lecció digital Biblioescènic del MAE _969172 |
|
| 740 | 3 | _aLa Mariquita | |
| 752 |
_aEspanya _dValència |
||
| 856 | 4 | 1 |
_zAccés lliure (Biblioescènic) _uhttps://books.cdmae.cat/visorpdf/?recurs=SV0082-20 |
| 856 | 4 | 2 |
_3Fitxa del catàleg manual _uhttp://www.cdmae.cat/sedo/imgtitulos/043/P0000408.gif |
| 902 | _aPatrimoni | ||
| 908 |
_aBPA _aCDMAE |
||
| 940 |
_aBPA _dCDMAE |
||
| 942 |
_2udc _cDIGITAL |
||
| 999 |
_c137028 _d137028 |
||